ბათუმის შოთა რუსთაველის სახელმწიფო უნივერსიტეტის ბიბლიოთეკა

Fertigkeit Horen: Fernstudieneinheit 5 (ბიბ.ჩანაწერი № 51363)

000 -LEADER
fixed length control field 00690nam a2200265Ia 4500
001 - CONTROL NUMBER
control field 18345
003 - CONTROL NUMBER IDENTIFIER
control field GE_BSU
008 - FIXED-LENGTH DATA ELEMENTS--GENERAL INFORMATION
fixed length control field 181216s||||||||xx |||||||||||||| ||und||
020 ## - INTERNATIONAL STANDARD BOOK NUMBER
International Standard Book Number 9783468496752
040 ## - CATALOGING SOURCE
Transcribing agency GE_BSU
080 ## - UNIVERSAL DECIMAL CLASSIFICATION NUMBER
Universal Decimal Classification number 811.112
100 ## - MAIN ENTRY--PERSONAL NAME
Personal name Dahlhaus,Barbara
245 ## - TITLE STATEMENT
Title Fertigkeit Horen: Fernstudieneinheit 5
245 ## - TITLE STATEMENT
Remainder of title Fernstudieneinheit 5
260 ## - PUBLICATION, DISTRIBUTION, ETC.
Place of publication, distribution, etc. Berlin
260 ## - PUBLICATION, DISTRIBUTION, ETC.
Name of publisher, distributor, etc. Langenscheidt
260 ## - PUBLICATION, DISTRIBUTION, ETC.
Date of publication, distribution, etc. 1994
300 ## - PHYSICAL DESCRIPTION
Extent 192p.30 cm.
653 ## - INDEX TERM--UNCONTROLLED
Uncontrolled term Deutsch als Fremdsprache
653 ## - INDEX TERM--UNCONTROLLED
Uncontrolled term Fernstudienangebot,Germanistik.
653 ## - INDEX TERM--UNCONTROLLED
Uncontrolled term Fertigkeit Horen: Fernstudieneinheit 5
653 ## - INDEX TERM--UNCONTROLLED
Uncontrolled term გერმანული ენა
942 ## - ADDED ENTRY ELEMENTS (KOHA)
Koha item type წიგნი
ეგზემპლარები
Withdrawn status Lost status Damaged status Not for loan Date acquired Barcode Date last seen Price effective from Koha item type
        2018-12-17 46875 2018-12-17 2018-12-17 წიგნი